| 000 | 01330nam a2200385 c 4500 | ||
|---|---|---|---|
| 999 |
_c134194 _d134194 |
||
| 003 | BLK | ||
| 005 | 20250722150005.0 | ||
| 008 | 180409b bul|||||r ||||||| ||bul|| | ||
| 010 | _aKNG00140101000 | ||
| 020 | _a978-954-26-1176-9 | ||
| 040 | _aBLK | ||
| 041 |
_aBUL _cBUL |
||
| 072 | 7 |
_2bullib _aН83 _xЧужда художествена литература Н |
|
| 080 |
_aНовозеландска литература _b821.111(931) _x-312.4 _z821.111(931)-312.4 |
||
| 100 | 1 |
_aКлийв, Пол _9324288 |
|
| 139 |
_aКлийв, Пол _bК 63 |
||
| 245 | 1 | 0 |
_aКърваво наследство _bРоман _cПол Клийв; прев. Стамен Димов Стойчев. |
| 257 | _aNZE | ||
| 260 |
_bХермес _c2013 _fХасково : Полиграфюг |
||
| 300 |
_a336 с. _c20 см |
||
| 380 | _aX | ||
| 490 | 1 | _aМегаселър | |
| 500 | _aОриг. загл. Blood Man / Paul Cleave. | ||
| 653 | _aкрими | ||
| 653 | _aромани | ||
| 659 | _aН | ||
| 700 | 1 |
_aСтойчев, Стамен Димов _eпрев. _9364706 |
|
| 852 | _aЦб 258546 | ||
| 856 | 4 | _qpdf | |
| 856 | 4 | _qpdf | |
| 942 |
_cKNG _n0 _071 _s1 |
||
| 944 |
_aCR _c27.02.2013 _lЦветомила Тодорова _k30576 |
||
| 944 |
_aED _c21.12.2017 _lф / _kЛюдмила_Стоянова |
||
| 999 | _d134194 | ||